Ecuador National Football Team - Statistics

General Stats
  • This quiz has been taken 101 times
  • The average score is 4 of 18
Answer Stats
Goals Caps Player % Correct
48 103 Enner Valencia
99%
11 99 Antonio Valencia
98%
22 68 Felipe Caicedo
63%
31 71 Agustín Delgado
20%
26 74 Eduardo Hurtado
16%
4 168 Iván Hurtado
16%
16 57 Iván Kaviedes
15%
23 109 Álex Aguinaga
14%
18 112 Édison Méndez
13%
9 88 Segundo Castillo
11%
6 101 Ulises de la Cruz
11%
8 122 Walter Ayoví
11%
25 61 Christian Benítez
10%
0 88 José Francisco Cevallos
8%
3 90 Giovanny Espinoza
5%
1 100 Luis Capurro
5%
15 34 Ariel Graziani
4%
16 55 Raúl Avilés
3%
No matching quizzes found
Score Distribution
Percent of People with Each Score
Percentile by Number Answered
Your Score History
You have not taken this quiz